00682nam a22002177a 450000500170000001000130001702000220003003500130005203700160006504000120008108200160009310000210010924501100013025000120024026000450025227000470029730000250034450000510036965000160042065000280043620170124110200.0 aA-604770 c49.00a0876928025 aA-604770 bCen Lib/Ret aDPLbEN a070.43bSTR aSterntz, Herbert aNews reporters and news sources : cby Herbert Sterntzbaccomplices in shaping and misshaping the news / a2nd ed. aNew DelhibPrentice hall of India c1992 bNew DelhiaM-97, Connaught circus e110001 aviii,181p.c19cm(Hb) aIncludes bibliographical references and index  aJournalism  aReporters and reporting